| 000 | 00950cam a2200277 a 4500 | ||
|---|---|---|---|
| 999 |
_c1542 _d1542 |
||
| 001 | 6802 | ||
| 003 | BD-DhUAP | ||
| 005 | 20200210102342.0 | ||
| 008 | 200210s2003 ii 001 0 eng | ||
| 020 | _a819016290X (set) | ||
| 020 | _a8190162934 (v.3) | ||
| 040 |
_aDLC _cDLC _bEng _dBD-DhUAP |
||
| 082 |
_223 _a327.5405492 IND |
||
| 245 | 0 | 0 |
_aIndia-Bangladesh relations : _bdocuments- 1971-2002 / _cEdited & introduced by Avtar Singh Bhasin. |
| 260 |
_aNew Delhi : _bGeetika Publishers, _cc2003. |
||
| 300 |
_avolumes ; _c25 cm. |
||
| 500 | _aIncludes index. | ||
| 505 | 0 | _aV. 3-- | |
| 651 | 0 |
_aIndia _xForeign relations _zBangladesh _vSources. |
|
| 651 | 0 |
_aBangladesh _xForeign relations _zIndia _vSources. |
|
| 651 | 0 |
_aIndia _xForeign relations _y1947-1984 _vSources. |
|
| 651 | 0 |
_aIndia _xForeign relations _y1984- _vSources. |
|
| 651 | 0 |
_aBangladesh _xPolitics and government _y1971- _vSources. |
|
| 700 | _aBhasin, Avtar Singh. | ||
| 942 |
_2ddc _cBK |
||